[Event "WSTCC-65 2020"]
[Site "Prague"]
[Date "2020.03.06"]
[Round "1.27"]
[White "Carlsten, Peter"]
[Black "Michenka, Jozef"]
[Result "1/2-1/2"]
[WhiteElo "1922"]
[BlackElo "2291"]
[Annotator "ChessBase"]
[PlyCount "94"]
[EventDate "2020.03.06"]
[EventType "team-tourn"]
[EventCountry "CZE"]
[SourceTitle "playchess.com"]
[Source "ChessBase"]
[SourceQuality "1"]
[TimeControl "40/5400+30:1800+30"]

1. e4 {[%emt 0:00:00]} c5 {[%emt 0:00:00]} 2. Nf3 {[%emt 0:00:00]} e6 {[%emt 0:00:00]} 3. d4 {[%emt 0:00:23]} cxd4 {[%emt 0:00:01]} 4. Nxd4 {[%emt 0:00:03]} Nc6 {[%emt 0:00:09]} 5. Nc3 {[%emt 0:00:35]} a6 {[%emt 0:00:09]} 6. Be2 {[%emt 0:00:53]} Qc7 {[%emt 0:00:08]} 7. O-O {[%emt 0:00:45]} Nf6 {[%emt 0:00:05]} 8. Be3 {[%emt 0:01:23]} Be7 {[%emt 0:00:46]} 9. f4 {[%emt 0:01:28]} d6 {[%emt 0:00:13]} 10. Qe1 {[%emt 0:01:15]} O-O {[%emt 0:00:11]} 11. Qg3 {[%emt 0:00:26]} Kh8 {[%emt 0:00:31]} 12. Rad1 {[%emt 0:06:56]} Bd7 {[%emt 0:01:46]} 13. Kh1 {[%emt 0:08:11]} Rad8 {[%emt 0:09:54]} 14. a3 {[%emt 0:14:57]} b5 {[%emt 0:23:26]} 15. Qf2 {[%emt 0:18:28]} Qb8 {[%emt 0:19:51]} 16. Rfe1 {[%emt 0:05:25]} b4 {[%emt 0:06:20]} 17. axb4 {[%emt 0:02:54]} Nxb4 {[%emt 0:02:47]} 18. Bf3 {[%emt 0:01:12]} Rc8 {[%emt 0:01:25]} 19. Bc1 {[%emt 0:05:04]} Rfd8 {[%emt 0:05:02]} 20. Nb3 {[%emt 0:04:31]} Nxc2 {[%emt 0:01:58]} 21. Qxc2 {[%emt 0:00:45]} Ba4 {[%emt 0:00:07]} 22. Qe2 {[%emt 0:02:40]} Bxb3 {[%emt 0:00:35]} 23. Rd4 {[%emt 0:00:18]} Qb6 {[%emt 0:03:37]} 24. Be3 {[%emt 0:01:22]} Qa5 {[%emt 0:01:22]} 25. Qf1 {[%emt 0:03:32]} e5 {[%emt 0:02:18]} 26. Rd2 {[%emt 0:03:49]} Bc4 {[%emt 0:02:31]} 27. Qf2 {[%emt 0:00:12]} Rb8 {[%emt 0:02:26]} 28. h3 {[%emt 0:04:01]} Rb3 {[%emt 0:04:19]} 29. g4 {[%emt 0:01:43]} Rdb8 {[%emt 0:06:09]} 30. g5 {[%emt 0:02:29]} Ng8 {[%emt 0:00:28]} 31. Bd1 {[%emt 0:01:43]} R3b7 {[%emt 0:03:20]} 32. f5 {[%emt 0:00:12]} f6 {[%emt 0:01:43]} 33. h4 {[%emt 0:01:45]} Qd8 {[%emt 0:01:25]} 34. Qg2 {[%emt 0:00:23]} Bf8 {[%emt 0:00:51]} 35. Bf3 {[%emt 0:00:11]} Rb3 {[%emt 0:00:39]} 36. Bd1 {[%emt 0:00:17]} R3b4 {[%emt 0:00:16]} 37. Bf3 {[%emt 0:00:09]} R8b7 {[%emt 0:00:23]} 38. Rf2 {[%emt 0:00:59]} Qb8 {[%emt 0:00:13]} 39. Bc1 {[%emt 0:00:05]} Rb3 {[%emt 0:00:58]} 40. Rd2 {[%emt 0:00:00]} a5 {[%emt 0:00:00]} 41. Rg1 {[%emt 0:02:27]} Qe8 {[%emt 0:24:51]} 42. Bd1 {[%emt 0:08:34]} R3b4 {[%emt 0:01:35]} 43. Bf3 {[%emt 0:00:15]} a4 {[%emt 0:01:21]} 44. Kh2 {[%emt 0:01:31]} Rb3 {[%emt 0:01:44]} 45. Bd1 {[%emt 0:00:14]} R3b4 {[%emt 0:00:09]} 46. Bf3 {[%emt 0:00:04]} Rb3 {[%emt 0:01:44]} 47. Bd1 {[%emt 0:00:06]} R3b4 1/2-1/2

[Event "WSTCC-65 2020"]
[Site "Prague"]
[Date "2020.03.06"]
[Round "1.29"]
[White "Horvath, Tamas I"]
[Black "Gurtovoi, Borys"]
[Result "1-0"]
[WhiteElo "2318"]
[BlackElo "1704"]
[Annotator "TA"]
[PlyCount "91"]
[EventDate "2020.03.06"]
[EventType "team-tourn"]
[EventCountry "CZE"]
[SourceTitle "playchess.com"]
[Source "ChessBase"]
[SourceQuality "1"]

{[%evp 9,91,62,60,62,127,76,91,70,97,90,126,93,120,122,121,91,125,100,102,83,99,77,73,73,113,76,80,64,95,39,95,70,93,93,114,102,117,105,105,106,127,102,117,88,89,56,61,54,232,100,93,85,205,128,121,96,541,125,540,534,525,331,316,276,296,172,183,139,138,111,355,381,1292,1198,1517,1734,2102,2279,2288,508,1366,2205,2181,2016]} 1. e4 c6 2. d4 d6 3. f4 Qc7 4. Nf3 Bg4 5. h3 Bxf3 $1 6. Qxf3 {B12: Caro-Kann: Advance Variation.} e5 (6... e6 $14) 7. c3 (7. Be3 $142) 7... Nd7 {[#]} 8. Bd3 $146 {White is better.} ({Predecessor:} 8. Bc4 Ngf6 9. a4 Be7 10. O-O O-O 11. Be3 Rae8 12. Nd2 c5 13. fxe5 dxe5 14. d5 {1-0 (28) Rengifo Blancas,R (2075)-Acuna,E (1849) Lima 2015}) 8... g6 9. O-O Ngf6 10. Be3 Bg7 11. Nd2 O-O 12. Rad1 a6 13. Bc2 b5 14. g4 c5 15. fxe5 dxe5 16. d5 Ne8 17. Rf2 Nd6 18. Nf1 f6 19. Ng3 ({White should try} 19. h4 $16) 19... Rf7 (19... Nf7 $14) 20. Rdf1 Nc4 21. Bc1 Raf8 22. h4 a5 23. Qg2 Nd6 24. Qh3 c4 25. h5 Rb8 26. g5 fxg5 27. hxg6 hxg6 28. Bxg5 {Strongly threatening Rxf7.} Nc5 $2 (28... Rbf8 $14) 29. Be3 (29. Rh2 $18 {is the precise move to win.} Rxf1+ 30. Kxf1) 29... Rxf2 $16 30. Rxf2 Qd7 (30... Rf8 $16 {is a better defense.}) 31. Qh4 Nd3 32. Rh2 $36 {[%mdl 2048] White is in control.} Rf8 $2 {[%mdl 8192]} (32... Nf4 $16) 33. Qh7+ $18 {[%mdl 64] [#] Double Attack} Kf7 {...Rh8 is the strong threat.} 34. Bxd3 $1 cxd3 35. Rf2+ Ke8 {Threatens to win with ...Qg4.} 36. Qxg6+ Kd8 37. Rxf8+ (37. Bc5 $142 Rxf2 38. Kxf2) 37... Bxf8 38. Kg2 Nc4 39. Nf5 {And now Kf3 would win.} d2 $2 {[#]} (39... Nxe3+ $16 {was called for.} 40. Nxe3 d2) 40. Bxd2 $1 {[%mdl 512]} Nxb2 $2 (40... Nxd2 41. Qg5+ {[%mdl 64] Double Attack} Kc7) 41. Qf6+ {White is clearly winning.} Be7 42. Qxe5 Nc4 43. Qb8+ Qc8 44. Qxc8+ {[%mdl 64] Overworked Piece} Kxc8 45. Nxe7+ Kd7 46. Bg5 {Accuracy: White = 55%, Black = 42%.} 1-0

[Event "WSTCC-65 2020"]
[Site "Prague"]
[Date "2020.03.06"]
[Round "1.30"]
[White "Dovzhenko, Viktor"]
[Black "Hardicsay, Peter"]
[Result "0-1"]
[WhiteElo "2069"]
[BlackElo "2203"]
[Annotator "TA"]
[PlyCount "124"]
[EventDate "2020.03.06"]
[EventType "team-tourn"]
[EventCountry "CZE"]
[SourceTitle "playchess.com"]
[Source "ChessBase"]
[SourceQuality "1"]

{[%evp 14,124,-2,0,6,0,15,15,18,15,20,21,51,30,64,62,64,58,61,36,73,81,83,84,127,144,170,133,121,128,137,134,169,112,97,60,53,22,17,0,37,23,61,66,60,56,39,37,20,31,23,-655,-643,-716,-661,-679,-667,-691,-652,-639,-631,-620,-582,-575,-563,-549,-541,-583,-503,-619,-505,-602,-603,-846,-839,-799,-779,-836,-802,-735,-925,-880,-860,-975,-941,-914,-836,-1175,-1167,-1058,-1070,-1166,-1111,-963,-807,-2612,-3573,-3937,-2802,-2383,-2075,-4125,-4137,-4137,-4137,-4133,-789,-29969,-29966,-29979,-29981,-29981,-29982]} 1. d4 Nf6 2. Bf4 g6 3. Nf3 Bg7 4. e3 d6 5. h3 O-O 6. Nbd2 b6 7. c3 Bb7 8. Bc4 c5 {A48: 1 d4 Nf6 2 Nf3 g6: Torre, London and Colle Systems.} 9. O-O {[#]} Qc8 $146 ({Predecessor:} 9... Nc6 10. Qe2 a6 11. a4 Qc7 12. Rfd1 Na5 13. Ba2 cxd4 14. exd4 Nd5 15. Bh2 Bh6 {1-0 (46) Pourramezanali,A (2522)-Evdokimov,A (2495) Mersin 2016}) 10. Re1 d5 {The position is equal.} 11. Bd3 Nc6 12. Rc1 Ba6 13. Bb1 c4 14. e4 dxe4 15. Nxe4 Nd5 16. Bg5 Qc7 17. Qa4 Qc8 18. b3 b5 19. Qa3 Bb7 20. bxc4 bxc4 21. Nc5 e6 22. Be4 Qc7 23. Bxd5 (23. Rb1 $18 Bc8 24. Qa4) 23... exd5 $16 24. Nxb7 (24. Rb1 {with more complications.} Bc8 25. Qa4 h6 26. Bh4 Bf5 27. Bg3) 24... Qxb7 25. Qc5 Qd7 26. Rb1 f6 27. Bf4 {Strongly threatening Bd6.} Rfd8 28. Qb5 Bf8 29. Qa6 Re8 30. Rxe8 Rxe8 31. Rb7 Qe6 32. Rc7 $2 {[%mdl 8192] [#]} (32. Qb5 $11) 32... Nxd4 $1 $19 {[%mdl 576] Discovered Attack} 33. Qxa7 (33. cxd4 Qxa6) 33... Ne2+ 34. Kh2 Nxf4 35. Rxh7 {Now Nd4 and White clings on.} Re7 36. Rxe7 Qxe7 37. Qd4 Qd6 38. g3 Nd3 39. Qe3 Kf7 40. h4 Ne5 {[#] Threatens to win with ...Ng4+.} 41. Qa7+ Qe7 42. Qxe7+ Bxe7 43. Nd2 Bc5 44. Kg2 Ng4 45. f4 Ne3+ 46. Kf3 Nd1 47. Nb1 f5 48. g4 fxg4+ 49. Kxg4 Ne3+ 50. Kf3 Nf5 51. Kg4 Be7 52. a4 Bxh4 53. a5 Bf2 54. Kg5 Nd6 55. a6 Bb6 56. Kg4 Kf6 57. Na3 d4 58. cxd4 Bxd4 59. Kf3 Bc5 60. Kg4 c3 {Black mates.} 61. Kf3 Nb5 62. Nc2 Nd4+ {Never resign too early! Accuracy: White = 53%, Black = 74%.} 0-1

[Event "WSTCC-65 2020"]
[Site "Prague"]
[Date "2020.03.06"]
[Round "1.31"]
[White "Dory, Jeno"]
[Black "Chubar, Vladimir"]
[Result "1/2-1/2"]
[WhiteElo "2170"]
[BlackElo "1991"]
[Annotator "ChessBase"]
[PlyCount "60"]
[EventDate "2020.03.06"]
[EventType "team-tourn"]
[EventCountry "CZE"]
[SourceTitle "playchess.com"]
[Source "ChessBase"]
[SourceQuality "1"]
[TimeControl "40/5400+30:1800+30"]

1. e4 {[%emt 0:00:00]} e6 {[%emt 0:00:00]} 2. d4 {[%emt 0:00:00]} d5 {[%emt 0:00:00]} 3. Nd2 {[%emt 0:00:13]} dxe4 {[%emt 0:00:08]} 4. Nxe4 {[%emt 0:00:10]} Bd7 {[%emt 0:00:24]} 5. Nf3 {[%emt 0:00:35]} Bc6 {[%emt 0:00:24]} 6. Bd3 {[%emt 0:00:09]} Nd7 {[%emt 0:00:28]} 7. O-O {[%emt 0:02:02]} Be7 {[%emt 0:01:10]} 8. Qe2 {[%emt 0:01:10]} Ngf6 {[%emt 0:00:29]} 9. c3 {[%emt 0:05:49]} Nxe4 {[%emt 0:05:55]} 10. Bxe4 {[%emt 0:00:12]} Bxe4 {[%emt 0:00:29]} 11. Qxe4 {[%emt 0:00:11]} c6 {[%emt 0:01:39]} 12. Re1 {[%emt 0:02:27]} O-O {[%emt 0:00:37]} 13. h3 {[%emt 0:06:30]} Qb6 {[%emt 0:03:00]} 14. Qe2 {[%emt 0:00:41]} Bf6 {[%emt 0:03:19]} 15. Be3 {[%emt 0:08:59]} Qa5 {[%emt 0:04:39]} 16. Nd2 {[%emt 0:04:34]} Rfe8 {[%emt 0:07:02]} 17. Nc4 {[%emt 0:14:47]} Qa6 {[%emt 0:12:05]} 18. Nd6 {[%emt 0:04:22]} Qxe2 {[%emt 0:03:19]} 19. Rxe2 {[%emt 0:00:06]} Reb8 {[%emt 0:00:31]} 20. Bf4 {[%emt 0:00:48]} a5 {[%emt 0:06:16]} 21. Ne4 {[%emt 0:11:47]} Rd8 {[%emt 0:05:15]} 22. Nxf6+ {[%emt 0:02:32]} Nxf6 {[%emt 0:00:57]} 23. Bg5 {[%emt 0:00:30]} Rd5 {[%emt 0:02:07]} 24. Bxf6 {[%emt 0:00:21]} gxf6 {[%emt 0:00:15]} 25. Kf1 {[%emt 0:04:04]} Rad8 {[%emt 0:00:13]} 26. Ke1 {[%emt 0:00:09]} b5 {[%emt 0:01:25]} 27. Rd1 {[%emt 0:06:52]} c5 {[%emt 0:02:50]} 28. Red2 {[%emt 0:00:10]} cxd4 {[%emt 0:01:19]} 29. Rxd4 {[%emt 0:00:50]} Rxd4 {[%emt 0:00:58]} 30. cxd4 Rd5 1/2-1/2

[Event "WSTCC-65 2020"]
[Site "Prague"]
[Date "2020.03.06"]
[Round "1.32"]
[White "Babula, Milan"]
[Black "Ogaard, Leif"]
[Result "*"]
[WhiteElo "2144"]
[BlackElo "2362"]
[Annotator "TA"]
[PlyCount "32"]
[EventDate "2020.03.06"]
[EventType "team-tourn"]
[EventCountry "CZE"]
[SourceTitle "playchess.com"]
[Source "ChessBase"]
[SourceQuality "1"]

{[%evp 15,18,-38,-39,-56,-54]} 1. d4 Nf6 2. Nf3 d5 3. c4 e6 4. Nc3 c6 5. e3 Bd6 6. Qc2 O-O 7. Bd2 Nbd7 8. cxd5 exd5 9. Bd3 {D45: Semi-Slav: 5 e3.} Re8 {[#]} {Predecessor:} 10. h3 $146 Qe7 11. O-O-O b5 12. Kb1 a5 13. Bc1 a4 14. Rhe1 Ne4 15. Bxe4 dxe4 16. Nd2 Nf6 {0-1 (27) Al Hadarani,H (2285)-Shirov,A (2630) Sweden 2018} *

[Event "WSTCC-65 2020"]
[Site "Prague"]
[Date "2020.03.06"]
[Round "1.32"]
[White "Karnaukh, Anatolij"]
[Black "Boguszlavszkij, Jevgenyij"]
[Result "1-0"]
[WhiteElo "2087"]
[BlackElo "2155"]
[Annotator "ChessBase"]
[PlyCount "101"]
[EventDate "2020.03.06"]
[EventType "team-tourn"]
[EventCountry "CZE"]
[SourceTitle "playchess.com"]
[Source "ChessBase"]
[SourceQuality "1"]
[TimeControl "40/5400+30:1800+30"]

1. d4 {[%emt 0:00:00]} Nf6 {[%emt 0:00:00]} 2. Nf3 {[%emt 0:00:00]} d5 {[%emt 0:00:02]} 3. c4 {[%emt 0:00:00]} e6 {[%emt 0:00:08]} 4. Nc3 {[%emt 0:00:09]} c6 {[%emt 0:00:11]} 5. e3 {[%emt 0:00:33]} Bd6 {[%emt 0:00:32]} 6. Qc2 {[%emt 0:00:55]} O-O {[%emt 0:00:21]} 7. Bd2 {[%emt 0:01:58]} Nbd7 {[%emt 0:00:24]} 8. cxd5 {[%emt 0:01:33]} exd5 {[%emt 0:00:13]} 9. Bd3 {[%emt 0:00:20]} Re8 {[%emt 0:00:20]} 10. O-O {[%emt 0:01:41]} Qe7 {[%emt 0:02:20]} 11. Rae1 {[%emt 0:15:27]} Ne4 {[%emt 0:01:58]} 12. h3 {[%emt 0:02:34]} Ndf6 {[%emt 0:05:49]} 13. Nh2 {[%emt 0:12:12]} Bd7 {[%emt 0:24:27]} 14. f4 {[%emt 0:01:18]} Ng3 {[%emt 0:02:48]} 15. Rf3 {[%emt 0:01:46]} Nfe4 {[%emt 0:00:54]} 16. Nxe4 {[%emt 0:08:59]} Nxe4 {[%emt 0:02:49]} 17. Rd1 {[%emt 0:03:15]} Rac8 {[%emt 0:02:34]} 18. Qb1 {[%emt 0:06:42]} h5 {[%emt 0:02:39]} 19. Nf1 {[%emt 0:04:25]} c5 {[%emt 0:01:21]} 20. dxc5 {[%emt 0:03:06]} Bxc5 {[%emt 0:01:03]} 21. Be1 {[%emt 0:00:50]} Bc6 {[%emt 0:03:08]} 22. b4 {[%emt 0:06:07]} Bb6 {[%emt 0:00:39]} 23. b5 {[%emt 0:04:39]} Bd7 {[%emt 0:02:28]} 24. Qb3 {[%emt 0:07:51]} Nf6 {[%emt 0:17:51]} 25. Bh4 {[%emt 0:02:20]} Rc5 {[%emt 0:01:51]} 26. Qb2 {[%emt 0:02:21]} Ba5 {[%emt 0:05:37]} 27. Bxf6 {[%emt 0:01:25]} Qxf6 {[%emt 0:00:33]} 28. Qxf6 {[%emt 0:00:09]} gxf6 {[%emt 0:00:03]} 29. a4 {[%emt 0:00:24]} Bb6 {[%emt 0:01:37]} 30. Ng3 {[%emt 0:02:20]} Kf8 {[%emt 0:07:34]} 31. Nxh5 {[%emt 0:00:40]} Rxe3 {[%emt 0:02:08]} 32. Rxe3 {[%emt 0:02:26]} Rc1 {[%emt 0:00:48]} 33. Rxc1 {[%emt 0:00:27]} Bxe3+ {[%emt 0:00:07]} 34. Kf1 {[%emt 0:00:06]} Bxc1 {[%emt 0:00:10]} 35. Nxf6 {[%emt 0:00:12]} Bc8 {[%emt 0:01:37]} 36. f5 {[%emt 0:01:45]} d4 {[%emt 0:00:32]} 37. g4 {[%emt 0:00:55]} Ke7 {[%emt 0:03:02]} 38. Ne4 {[%emt 0:00:32]} f6 {[%emt 0:00:45]} 39. Bc4 {[%emt 0:02:08]} a6 {[%emt 0:03:26]} 40. Ke2 {[%emt 0:00:00]} axb5 {[%emt 0:00:00]} 41. axb5 {[%emt 0:01:00]} b6 {[%emt 0:01:47]} 42. Bd5 {[%emt 0:00:55]} Bf4 {[%emt 0:02:05]} 43. Kd3 {[%emt 0:00:43]} Bd7 {[%emt 0:01:51]} 44. Bc6 {[%emt 0:01:03]} Bxc6 {[%emt 0:01:42]} 45. bxc6 {[%emt 0:06:53]} Be5 {[%emt 0:00:15]} 46. h4 {[%emt 0:00:39]} b5 {[%emt 0:00:47]} 47. g5 {[%emt 0:00:29]} fxg5 {[%emt 0:00:17]} 48. hxg5 {[%emt 0:00:04]} Kd8 {[%emt 0:03:19]} 49. f6 {[%emt 0:00:26]} Ke8 {[%emt 0:00:44]} 50. g6 {[%emt 0:00:56]} b4 {[%emt 0:00:20]} 51. Kc4 1-0

[Event "WSTCC-65 2020"]
[Site "Prague"]
[Date "2020.03.06"]
[Round "1.33"]
[White "Babula, Milan"]
[Black "Ogaard, Leif"]
[Result "1/2-1/2"]
[WhiteElo "2144"]
[BlackElo "2362"]
[Annotator "TA"]
[PlyCount "58"]
[EventDate "2020.03.06"]
[EventType "team-tourn"]
[EventCountry "CZE"]
[SourceTitle "playchess.com"]
[Source "ChessBase"]
[SourceQuality "1"]

{[%evp 16,58,30,22,26,17,22,0,60,54,63,33,39,29,31,25,62,47,43,47,35,0,0,-40,-40,-42,-45,-49,-43,-65,-60,-63,-62,-61,-14,-14,-14,-16,-1,-14,0,0,0,0,1]} 1. e4 c5 2. Nf3 e6 3. d4 cxd4 4. Nxd4 Nc6 5. Nxc6 bxc6 6. Bd3 Nf6 7. O-O d6 8. c4 Be7 9. Nc3 O-O {B40: Sicilian: 2...e6, Unusual lines.} 10. b3 Bb7 11. Bb2 c5 {[#]} ({Better is} 11... d5 $11) 12. Qe2 $146 ({Predecessor:} 12. f4 Nd7 13. Qg4 Bf6 14. Rf3 Bd4+ 15. Kh1 Nf6 16. Qg3 Bxe4 17. Bxe4 Nxe4 18. Nxe4 Bxb2 {0-1 (45) Martirosyan,A (1881)-Svanda,O (2022) Kouty nad Desnou 2017}) 12... Nd7 13. Rad1 Ne5 14. f4 Nc6 $1 15. Qg4 e5 16. Nd5 Nd4 17. Bxd4 cxd4 {[%cal Bc5d4,Bd4c3][%mdl 32]} 18. f5 Bxd5 19. cxd5 Rc8 20. Rc1 Rc3 21. Rxc3 dxc3 22. Rc1 Qb6+ 23. Kf1 Qe3 24. Rd1 Bg5 (24... Qc5 {keeps more tension.} 25. Qg3 Bd8 26. Qf2 Qb4 27. g3 Bb6) 25. Qg3 {The position is equal.} Qxg3 26. hxg3 Rb8 27. Ke2 Kf8 28. Bc2 Ke7 29. a3 a5 {Accuracy: White = 88%, Black = 83%.} 1/2-1/2

[Event "WSTCC-65 2020"]
[Site "Prague"]
[Date "2020.03.06"]
[Round "1.34"]
[White "Heim, Sverre"]
[Black "Pacl, Vaclav"]
[Result "1/2-1/2"]
[WhiteElo "2316"]
[BlackElo "2006"]
[Annotator "ChessBase"]
[PlyCount "25"]
[EventDate "2020.03.06"]
[EventType "team-tourn"]
[EventCountry "CZE"]
[SourceTitle "playchess.com"]
[Source "ChessBase"]
[SourceQuality "1"]
[TimeControl "40/5400+30:1800+30"]

1. e4 {[%emt 0:00:00]} d5 {[%emt 0:00:00]} 2. exd5 {[%emt 0:00:00]} Qxd5 {[%emt 0:00:00]} 3. Nc3 {[%emt 0:00:03]} Qd8 {[%emt 0:00:00]} 4. d4 {[%emt 0:00:46]} Nf6 {[%emt 0:00:09]} 5. Bc4 {[%emt 0:01:55]} a6 {[%emt 0:00:22]} 6. Nf3 {[%emt 0:00:47]} b5 {[%emt 0:00:50]} 7. Bb3 {[%emt 0:01:59]} c5 {[%emt 0:00:08]} 8. dxc5 {[%emt 0:01:11]} Qxd1+ {[%emt 0:00:06]} 9. Kxd1 {[%emt 0:06:17]} e6 {[%emt 0:02:03]} 10. Be3 {[%emt 0:00:16]} Bb7 {[%emt 0:02:17]} 11. Ke2 {[%emt 0:11:36]} Nbd7 {[%emt 0:04:45]} 12. Rhd1 {[%emt 0:04:13]} Bxc5 {[%emt 0:03:56]} 13. h3 {[%emt 0:07:19]} 1/2-1/2

[Event "WSTCC-65 2020"]
[Site "Prague"]
[Date "2020.03.06"]
[Round "1.35"]
[White "Vavruska, Antonin"]
[Black "Moen, Ole Christian"]
[Result "1/2-1/2"]
[WhiteElo "1971"]
[BlackElo "2192"]
[Annotator "ChessBase"]
[PlyCount "25"]
[EventDate "2020.03.06"]
[EventType "team-tourn"]
[EventCountry "CZE"]
[SourceTitle "playchess.com"]
[Source "ChessBase"]
[SourceQuality "1"]
[TimeControl "40/5400+30:1800+30"]

1. e4 {[%emt 0:00:00]} e5 {[%emt 0:00:00]} 2. d4 {[%emt 0:00:00]} exd4 {[%emt 0:00:00]} 3. Bc4 {[%emt 0:00:00]} Nf6 {[%emt 0:01:23]} 4. Nf3 {[%emt 0:00:00]} Nc6 {[%emt 0:00:19]} 5. Ng5 {[%emt 0:00:25]} Ne5 {[%emt 0:00:41]} 6. Bb3 {[%emt 0:00:09]} d5 {[%emt 0:07:08]} 7. exd5 {[%emt 0:00:09]} h6 {[%emt 0:01:22]} 8. Qxd4 {[%emt 0:05:25]} Bd6 {[%emt 0:01:26]} 9. Nf3 {[%emt 0:12:21]} Nxf3+ {[%emt 0:01:33]} 10. gxf3 {[%emt 0:00:01]} O-O {[%emt 0:03:14]} 11. Be3 {[%emt 0:00:15]} Re8 {[%emt 0:03:53]} 12. Nc3 {[%emt 0:00:20]} Be5 {[%emt 0:00:52]} 13. Qd2 {[%emt 0:02:06]} 1/2-1/2

[Event "WSTCC-65 2020"]
[Site "Prague"]
[Date "2020.03.06"]
[Round "1.36"]
[White "Boidman, Yuri"]
[Black "Jones, Iolo C"]
[Result "*"]
[WhiteElo "2335"]
[BlackElo "2146"]
[Annotator "TA"]
[PlyCount "34"]
[EventDate "2020.03.06"]
[EventType "team-tourn"]
[EventCountry "CZE"]
[SourceTitle "playchess.com"]
[Source "ChessBase"]
[SourceQuality "1"]

{[%evp 12,13,60,64]} 1. e4 d6 2. d4 Nf6 3. f3 g6 4. c4 Bg7 5. Nc3 O-O 6. Be3 Nbd7 {6...a6 is the recent fashion.} 7. Qd2 {[#]} {Predecessor:} c5 $146 {E81: King's Indian: Sämisch: 6th move deviations (including 6 Be3 c6).} 8. Nge2 a6 9. dxc5 dxc5 10. Rd1 Qc7 11. Nf4 e6 12. Nd3 Nh5 13. Be2 b6 14. Nf2 Rd8 15. Bg5 Re8 16. O-O Ne5 17. Qd6 Ra7 {1-0 (46) Sjugirov,S (2643)-Fedoseev,V (2668) Martuni 2014} *

[Event "WSTCC-65 2020"]
[Site "Prague"]
[Date "2020.03.06"]
[Round "1.36"]
[White "Kristiansen, Erling"]
[Black "Nespor, Ivan"]
[Result "1-0"]
[WhiteElo "2123"]
[BlackElo "1707"]
[Annotator "ChessBase"]
[PlyCount "75"]
[EventDate "2020.03.06"]
[EventType "team-tourn"]
[EventCountry "CZE"]
[SourceTitle "playchess.com"]
[Source "ChessBase"]
[SourceQuality "1"]
[TimeControl "40/5400+30:1800+30"]

1. e4 {[%emt 0:00:00]} d6 {[%emt 0:00:00]} 2. d4 {[%emt 0:00:00]} Nf6 {[%emt 0:00:08]} 3. f3 {[%emt 0:00:04]} g6 {[%emt 0:01:51]} 4. c4 {[%emt 0:00:12]} Bg7 {[%emt 0:00:08]} 5. Nc3 {[%emt 0:00:12]} O-O {[%emt 0:00:58]} 6. Be3 {[%emt 0:00:12]} Nbd7 {[%emt 0:01:51]} 7. Qd2 {[%emt 0:01:26]} c6 {[%emt 0:05:19]} 8. Rd1 {[%emt 0:00:44]} Qa5 {[%emt 0:01:26]} 9. Nge2 {[%emt 0:00:22]} a6 {[%emt 0:11:45]} 10. Nc1 {[%emt 0:00:31]} b5 {[%emt 0:01:02]} 11. a3 {[%emt 0:01:19]} Rb8 {[%emt 0:04:58]} 12. Nb3 {[%emt 0:02:07]} Qc7 {[%emt 0:00:12]} 13. cxb5 {[%emt 0:00:51]} cxb5 {[%emt 0:03:48]} 14. Rc1 {[%emt 0:00:22]} Qd8 {[%emt 0:00:23]} 15. Na2 {[%emt 0:01:47]} Nb6 {[%emt 0:02:17]} 16. Na5 {[%emt 0:00:26]} Bb7 {[%emt 0:05:18]} 17. Nb4 {[%emt 0:00:47]} Qd7 {[%emt 0:04:58]} 18. d5 {[%emt 0:00:50]} Nc8 {[%emt 0:06:27]} 19. Be2 {[%emt 0:00:51]} e6 {[%emt 0:01:10]} 20. dxe6 {[%emt 0:01:29]} fxe6 {[%emt 0:01:37]} 21. O-O {[%emt 0:00:16]} d5 {[%emt 0:01:09]} 22. Rfd1 {[%emt 0:00:17]} Ne7 {[%emt 0:02:56]} 23. Nb3 {[%emt 0:06:25]} Rfc8 {[%emt 0:06:08]} 24. Nc5 {[%emt 0:00:25]} Qd6 {[%emt 0:00:42]} 25. e5 {[%emt 0:00:11]} Qxe5 {[%emt 0:00:15]} 26. Bf4 {[%emt 0:00:09]} Qh5 {[%emt 0:00:56]} 27. Bxb8 Rxb8 28. f4 {[%emt 0:07:53]} Qh4 {[%emt 0:03:12]} 29. Qe3 {[%emt 0:01:22]} Ne4 {[%emt 0:00:16]} 30. Nxe4 {[%emt 0:00:21]} dxe4 {[%emt 0:00:07]} 31. g3 {[%emt 0:01:48]} Nf5 {[%emt 0:00:47]} 32. Qa7 {[%emt 0:00:28]} Nxg3 {[%emt 0:00:11]} 33. Qxb8+ {[%emt 0:00:24]} Bf8 {[%emt 0:00:09]} 34. Rd8 {[%emt 0:04:32]} Nxe2+ {[%emt 0:01:04]} 35. Kf1 {[%emt 0:01:49]} e3 {[%emt 0:03:24]} 36. Rxf8+ {[%emt 0:00:20]} Kg7 {[%emt 0:00:00]} 37. Rc7+ {[%emt 0:00:00]} Kh6 {[%emt 0:00:00]} 38. Rxh7+ {[%emt 0:00:00]} 1-0